<?xml version="1.0" encoding="UTF-8"?>
<record
    xmlns:xsi="http://www.w3.org/2001/XMLSchema-instance"
    xsi:schemaLocation="http://www.loc.gov/MARC21/slim http://www.loc.gov/standards/marcxml/schema/MARC21slim.xsd"
    xmlns="http://www.loc.gov/MARC21/slim">

  <leader>02310cam a22003974a 4500</leader>
  <controlfield tag="001">14387493</controlfield>
  <controlfield tag="005">20180827062549.0</controlfield>
  <controlfield tag="008">060523s2007    paua     b    001 0 eng  </controlfield>
  <datafield tag="010" ind1=" " ind2=" ">
    <subfield code="a">  2006047515</subfield>
  </datafield>
  <datafield tag="016" ind1="7" ind2=" ">
    <subfield code="a">101311282</subfield>
    <subfield code="2">DNLM</subfield>
  </datafield>
  <datafield tag="020" ind1=" " ind2=" ">
    <subfield code="a">1416029737</subfield>
  </datafield>
  <datafield tag="020" ind1=" " ind2=" ">
    <subfield code="a">9781416029731</subfield>
  </datafield>
  <datafield tag="020" ind1=" " ind2=" ">
    <subfield code="a">9780808923664 (International ed.)</subfield>
  </datafield>
  <datafield tag="020" ind1=" " ind2=" ">
    <subfield code="a">0808923668 (International ed.)</subfield>
  </datafield>
  <datafield tag="035" ind1=" " ind2=" ">
    <subfield code="a">(OCoLC)ocm69672074</subfield>
  </datafield>
  <datafield tag="035" ind1=" " ind2=" ">
    <subfield code="a">(OCoLC)69672074</subfield>
  </datafield>
  <datafield tag="040" ind1=" " ind2=" ">
    <subfield code="a">ASAB</subfield>
    <subfield code="c">ASAB</subfield>
    <subfield code="d">ASAB</subfield>
    <subfield code="d">ASAB</subfield>
    <subfield code="d">ASAB</subfield>
    <subfield code="d">ASAB</subfield>
    <subfield code="d">ASAB</subfield>
    <subfield code="d">ASAB</subfield>
    <subfield code="d">ASAB</subfield>
  </datafield>
  <datafield tag="042" ind1=" " ind2=" ">
    <subfield code="a">pcc</subfield>
  </datafield>
  <datafield tag="050" ind1="0" ind2="0">
    <subfield code="a">RB111</subfield>
    <subfield code="b">.K895 2007</subfield>
  </datafield>
  <datafield tag="060" ind1="0" ind2="0">
    <subfield code="a">2007 H-162</subfield>
  </datafield>
  <datafield tag="060" ind1="1" ind2="0">
    <subfield code="a">QZ 4</subfield>
    <subfield code="b">R6355 2007</subfield>
  </datafield>
  <datafield tag="082" ind1="0" ind2="0">
    <subfield code="a">616.07</subfield>
    <subfield code="2">22</subfield>
  </datafield>
  <datafield tag="245" ind1="0" ind2="0">
    <subfield code="a">Robbins basic pathology /</subfield>
    <subfield code="c">[edited by] Vinay Kumar ... [et al.].</subfield>
  </datafield>
  <datafield tag="250" ind1=" " ind2=" ">
    <subfield code="a">8th ed.</subfield>
  </datafield>
  <datafield tag="260" ind1=" " ind2=" ">
    <subfield code="a">Philadelphia, PA :</subfield>
    <subfield code="b">Saunders/Elsevier,</subfield>
    <subfield code="c">c2007.</subfield>
  </datafield>
  <datafield tag="300" ind1=" " ind2=" ">
    <subfield code="a">xiv, 946 p. :</subfield>
    <subfield code="b">ill. (chiefly col.) ;</subfield>
    <subfield code="c">29 cm.</subfield>
  </datafield>
  <datafield tag="504" ind1=" " ind2=" ">
    <subfield code="a">Includes bibliographical references and index.</subfield>
  </datafield>
  <datafield tag="505" ind1="0" ind2=" ">
    <subfield code="a">Cell injury, cell death, and adaptations -- Acute and chronic inflammation -- Tissue repair : regeneration, healing, and fibrosis -- Hemodynamic disorders, thrombosis, and shock -- Diseases of the immune system -- Neoplasia / Thomas P. Stricker, Vinay Kumar -- Environmental and nutritional diseases -- General pathology of infectious diseases -- The blood vessels -- The heart / Frederick J. Schoen, Richard N. Mitchell -- The hematopoietic and lymphoid systems / Jon C. Aster -- The lung / Anirban Maitra, Vinay Kumar -- The kidney and its collecting system / Charles E. Alpers , Agnes B. Fogo -- The oral cavity and gastrointestinal tract -- The liver, gallbladder, and biliary tract -- The pancreas -- The male genital system -- The female genital system / Anthony Montag, Vinay Kumar -- The endocrine system / Anirban Maitra -- The musculoskeletal system -- The skin / Alexander J.F. Lazar -- The nervous system / Matthew P. Frosch.</subfield>
  </datafield>
  <datafield tag="650" ind1=" " ind2="0">
    <subfield code="a">Pathology.</subfield>
    <subfield code="9">1279</subfield>
  </datafield>
  <datafield tag="650" ind1="1" ind2="2">
    <subfield code="a">Pathology.</subfield>
    <subfield code="9">1280</subfield>
  </datafield>
  <datafield tag="700" ind1="1" ind2=" ">
    <subfield code="a">Kumar, Vinay,</subfield>
    <subfield code="d">1944-</subfield>
    <subfield code="9">1281</subfield>
  </datafield>
  <datafield tag="700" ind1="1" ind2=" ">
    <subfield code="a">Robbins, Stanley L.</subfield>
    <subfield code="q">(Stanley Leonard),</subfield>
    <subfield code="d">1915-2003.</subfield>
    <subfield code="9">1282</subfield>
  </datafield>
  <datafield tag="906" ind1=" " ind2=" ">
    <subfield code="a">7</subfield>
    <subfield code="b">cbc</subfield>
    <subfield code="c">orignew</subfield>
    <subfield code="d">1</subfield>
    <subfield code="e">ocip</subfield>
    <subfield code="f">20</subfield>
    <subfield code="g">y-gencatlg</subfield>
  </datafield>
  <datafield tag="942" ind1=" " ind2=" ">
    <subfield code="2">ddc</subfield>
    <subfield code="c">BK</subfield>
  </datafield>
  <datafield tag="999" ind1=" " ind2=" ">
    <subfield code="c">479845</subfield>
    <subfield code="d">479845</subfield>
  </datafield>
  <datafield tag="952" ind1=" " ind2=" ">
    <subfield code="0">0</subfield>
    <subfield code="1">0</subfield>
    <subfield code="2">ddc</subfield>
    <subfield code="4">0</subfield>
    <subfield code="7">0</subfield>
    <subfield code="8">NFIC</subfield>
    <subfield code="a">ASAB</subfield>
    <subfield code="b">ASAB</subfield>
    <subfield code="d">2015-09-30</subfield>
    <subfield code="l">5</subfield>
    <subfield code="m">1</subfield>
    <subfield code="o">616.07 KUM</subfield>
    <subfield code="p">ASAB711</subfield>
    <subfield code="r">2018-08-17</subfield>
    <subfield code="s">2017-02-27</subfield>
    <subfield code="w">2015-09-30</subfield>
    <subfield code="y">BK</subfield>
  </datafield>
</record>
